| 000 | 01351nam a2200349 a 4500 | ||
|---|---|---|---|
| 001 | 000115543 | ||
| 003 | CHAP | ||
| 005 | 20220329144539.0 | ||
| 008 | 190604s2019 mx a sm |||||||spa d | ||
| 010 | _a112004 | ||
| 011 | _a112976 | ||
| 040 | _cCHAP | ||
| 090 | _aTesis | ||
| 100 | 1 |
_aHipólito Martínez, Rafael. _9135946 |
|
| 245 | 1 | 0 |
_aCultivo de maíz en el ciclo de otoño-invierno con cobertura de nescafé (Mucuna pruriens) en Raya Zaragoza y Puxcatán, Tabasco / _h[En línea] _cpor Rafael Hipólito Martínez y María Isabel León López. |
| 260 |
_aChapingo, Méx. : _bEl autor, _c2019. |
||
| 500 | _aPara ver el contenido del material haga clic en la liga | ||
| 502 | _aTesis (Ing. Agr. Esp. en Zonas Tropicales) -- UACH. Unidad Regional Universitaria Sur-Sureste | ||
| 590 |
_aBATCH-UPD _b05 _c20190604 _lUCH01 _h1544 |
||
| 590 |
_aE8697GMM _b05 _c20190604 _lUCH01 _h1305 |
||
| 590 |
_aE8697GMM _b05 _c20190604 _lUCH01 _h1306 |
||
| 590 |
_aE8697GMM _b05 _c20190604 _lUCH01 _h1543 |
||
| 650 | 1 | 4 |
_aAbonos verdes. _9282 |
| 650 | 1 | 4 |
_aMaíz _xCultivo. _970925 |
| 650 | 1 | 4 |
_aMucuna pruriens. _979260 |
| 650 | 1 | 4 |
_aRastrojo como cobertura vegetal. _9129746 |
| 700 | 1 |
_aLeón López, María Isabel. _9135947 |
|
| 856 |
_aFinding aid _uhttp://10.13.5.2/tesis/sist115543.pdf _zTeclea aquí |
||
| 901 | _aBK | ||
| 942 | _cTESIS | ||
| 942 | _n0 | ||
| 999 |
_c112004 _d112004 |
||